Modele Volskwagena - Statystyki

Ogólne statystyki
  • Ten quiz został rozwiązany 49 razy
  • Średni wynik to 14 z 49
Statystyki odpowiedzi
Odpowiedź % Poprawnych
Gol
100%
Passat
97%
Polo
91%
Golf
84%
Transporter
63%
Jetta
59%
Arteon
53%
Tiguan
53%
Up!
50%
Bora
47%
Touran
47%
Beetle
44%
Amarok
41%
Lupo
41%
Sharan
41%
T-cross
34%
Touareg
34%
T-roc
34%
Caddy
28%
Vento
22%
Crafter
19%
Scirocco
19%
Golf Plus
16%
ID.3
16%
ID.4
16%
ID.5
16%
ID.6
16%
Passat CC
16%
Phaeton
16%
Corrado
13%
Fox
13%
ID.7
13%
ID.Buzz
13%
Multivan
13%
New Beetle
13%
Caravelle
9%
Eos
9%
Santana
9%
Taigo
9%
Tayron
9%
Saveiro
6%
Derby
3%
Golf Sportsvan
3%
K70
3%
Pointer
3%
Rabbit
3%
ID.7 Tourer
0%
Parati
0%
Tiguan Allspace
0%
Nie znaleziono quizów pasujących do podanych kryteriów
Rozkład punktacji
Procent ludzi z każdym wynikiem
Percentyl według liczby udzielonych odpowiedzi
Twoja historia wyników
Nie rozwiązałeś tego quizu